| 000 | 00485nab a2200145Ia 4500 | ||
|---|---|---|---|
| 003 | ES-SlBCS | ||
| 005 | 20210601145034.0 | ||
| 008 | 140529s1992 xxu||||| |||| 00| 0 spa d | ||
| 041 | _aspa | ||
| 100 | 1 |
_aFederico, Giovanni _9159490 |
|
| 245 | 0 | 0 |
_aLa historiografía sobre el desarrollo económico italiano en los últimos treinta años _c Giovanni Federico |
| 650 | 0 | 4 |
_aDesarrollo _9143474 |
| 773 | 0 |
_tRevista de Historia Economica _gvol. 10, 1992, págs. 11-38 _wRev701 |
|
| 942 | _cAR | ||
| 999 |
_c718316 _d718316 |
||